| 000 | 00490nam a2200193 a 4500 | ||
|---|---|---|---|
| 005 | 20220602063706.0 | ||
| 008 | 120628s2007 mx r 000 0 spa d | ||
| 020 | _a9789972244926 | ||
| 035 | _aUPN01000185596 | ||
| 049 | _aCG | ||
| 050 | 4 |
_aPQ8498.28 E5.3 _bC3.7 |
|
| 100 | 1 | _aRengifo, Carlos | |
| 245 | 1 | 3 |
_aLa casa amarilla / _cCarlos Rengifo. |
| 260 |
_aLima : _bNorma, _c2007. |
||
| 300 | _a122 p. | ||
| 440 | 0 | _aZona libre | |
| 650 | 7 |
_aNovela peruana _2 _910208 |
|
| 905 | _aLibro | ||
| 999 |
_c157699 _d157699 |
||